| 000 | 00492nam a2200157 i 4500 | ||
|---|---|---|---|
| 001 | 82841 | ||
| 003 | ES-MaACL | ||
| 005 | 20230906174735.0 | ||
| 007 | t| | ||
| 008 | 041112s1974 sp ||||1| spa d | ||
| 110 | 2 |
_aInstituto de Estudios Políticos (Madrid) _94924 |
|
| 245 | 1 | 0 |
_aAlienación, historia de una palabra / _cInstituto de Estudios Políticos. |
| 260 |
_aMadrid : _bInstituto de Estudios Políticos, _c1974. |
||
| 300 |
_a295 p. ; _c25 cm. |
||
| 852 |
_aES-MaACL _jE-5283 _bR.89577 |
||
| 999 |
_c82841 _d82841 |
||